ՀՀ Գիտությունների ազգային ակադեմիայի հիմնարար գիտական գրադարան  =   Fundamental Scientific Library of NAS RA

Արփենիկ Նալբանդյան 100 : (Record no. 430412)

MARC details
000 -LEADER
fixed length control field 02064nam a2200349 a 4500
003 - CONTROL NUMBER IDENTIFIER
control field AM-YeHGA
040 ## - CATALOGING SOURCE
Original cataloging agency AM-YeHGA
090 ## - LOCALLY ASSIGNED LC-TYPE CALL NUMBER (OCLC); LOCAL CALL NUMBER (RLIN)
-- 432967
005 - DATE AND TIME OF LATEST TRANSACTION
control field 20250618075110.0
008 - FIXED-LENGTH DATA ELEMENTS--GENERAL INFORMATION
fixed length control field 181101s2016 ai |||||r|||||00||0|arm|d
020 ## - INTERNATIONAL STANDARD BOOK NUMBER
International Standard Book Number 9789994179237
041 1# - LANGUAGE CODE
Language code of text/sound track or separate title arm
Language code of original eng
245 00 - TITLE STATEMENT
Title Արփենիկ Նալբանդյան 100 :
Remainder of title Հոբելյանական ցուցահանդեսի կատալոգ = Arpenik Nalbandyan : Anniversary exhibition catalօgue /
Statement of responsibility, etc. Հեղ.՝ Հ. Բադալյան ; Խմբագիր՝ Ս. Խաչիկօղլյան ; Թարգմանիչ՝ Ս. Մամբրեցյան, Լ. Սարգսյան ; Լուսանկ.՝ Զ. Սարգսյան , Հ. Ալպետյան , Ն. Երկանյան ; Ձևավոր.՝ Ա. Խաչիկօղլյան ; ՀՀ մշակ. նախ. ; ՀԱՊ.
246 11 - VARYING FORM OF TITLE
Title proper/short title Arpenik Nalbandyan :
Remainder of title Anniversary exhibition catalօgue
260 ## - PUBLICATION, DISTRIBUTION, ETC.
Place of publication, distribution, etc. Երևան :
Name of publisher, distributor, etc. Հայաստանի Ազգային պատկերասրահ,
Date of publication, distribution, etc. 2016.
300 ## - PHYSICAL DESCRIPTION
Extent 75 էջ :
Other physical details նկար, լուսանկար ;
Dimensions 23 սմ.
504 ## - BIBLIOGRAPHY, ETC. NOTE
Bibliography, etc. note Մատենագիտություն:
546 ## - LANGUAGE NOTE
Language note Բնագիրը՝ զուգահեռ հայերեն և անգլերեն:
600 14 - SUBJECT ADDED ENTRY--PERSONAL NAME
Personal name Նալբանդյան, Արփենիկ,
Dates associated with a name 1916-1964
650 14 - SUBJECT ADDED ENTRY--TOPICAL TERM
Topical term or geographic name entry element Հայ նկարիչներ
Form subdivision Կենսագրություն
650 14 - SUBJECT ADDED ENTRY--TOPICAL TERM
Topical term or geographic name entry element Հայ նկարիչներ
Form subdivision Ցուցահանդեսի կատալոգներ
700 1# - ADDED ENTRY--PERSONAL NAME
Personal name Բադալյան, Հասմիկ
Relator term հեղինակ
Relationship aut
700 1# - ADDED ENTRY--PERSONAL NAME
Personal name Խաչիկօղլյան, Սերգեյ
Relator term խմբագիր
Relationship edt
700 1# - ADDED ENTRY--PERSONAL NAME
Personal name Մամբրեցյան, Սիրանուշ
Relator term թարգմանիչ
Relationship trl
700 1# - ADDED ENTRY--PERSONAL NAME
Personal name Սարգսյան, Լիլիթ
Relator term թարգմանիչ
Relationship trl
700 1# - ADDED ENTRY--PERSONAL NAME
Personal name Սարգսյան, Զավեն
Relator term լուսանկարիչ
Relationship pht
9 (RLIN) 2781
700 1# - ADDED ENTRY--PERSONAL NAME
Personal name Ալպետյան, Հարություն
Relator term լուսանկարիչ
Relationship pht
700 1# - ADDED ENTRY--PERSONAL NAME
Personal name Երկանյան, Նվարդ
Relator term լուսանկարիչ
Relationship pht
700 1# - ADDED ENTRY--PERSONAL NAME
Personal name Խաչիկօղլյան, Արա
Relator term ձևավորող
Relationship dsn
710 2# - ADDED ENTRY--CORPORATE NAME
Corporate name or jurisdiction name as entry element Հայաստանի ազգային պատկերասրահ
9 (RLIN) 5128
942 ## - ADDED ENTRY ELEMENTS (KOHA)
Source of classification or shelving scheme Universal Decimal Classification
Koha item type Գրքեր / Books
Holdings
Withdrawn status Lost status Source of classification or shelving scheme Damaged status Not for loan Collection Home library Current library Date acquired Total checkouts Full call number Barcode Date last seen Price effective from Koha item type Public note
    Universal Decimal Classification     General Fundamental Scientific Library Fundamental Scientific Library 23/04/2019   AII/104673 FL0576467 23/04/2019 23/04/2019 Գրքեր / Books 30 Days Loan


ՀՀ ԳԱԱ հիմնարար գիտական գրադարան
ՀՀ,Երևան 0019
Մարշալ Բաղրամյան 24/6
հեռախոս:(374-10) 52-47-50
Հետադարձ կապ

All site content, except where otherwise noted, is licensed under a
Creative Commons License